Globalisation and Challenges for Education (Record no. 1630)
[ view plain ]
| 000 -LEADER | |
|---|---|
| fixed length control field | 00254nam a22000857a 4500 |
| 008 - FIXED-LENGTH DATA ELEMENTS--GENERAL INFORMATION | |
| fixed length control field | 160704b xxu||||| |||| 00| 0 eng d |
| 100 ## - MAIN ENTRY--PERSONAL NAME | |
| 9 (RLIN) | 1928 |
| Personal name | Josephine, Y |
| 245 ## - TITLE STATEMENT | |
| Title | Globalisation and Challenges for Education |
| 260 ## - PUBLICATION, DISTRIBUTION, ETC. (IMPRINT) | |
| Place of publication, distribution, etc. | New Delhi |
| Name of publisher, distributor, etc. | Shipra Publication |
| Date of publication, distribution, etc. | 2003 |
| Withdrawn status | Lost status | Source of classification or shelving scheme | Damaged status | Not for loan | Home library | Current library | Date acquired | Total Checkouts | Full call number | Barcode | Date last seen | Date last checked out | Price effective from | Koha item type |
|---|---|---|---|---|---|---|---|---|---|---|---|---|---|---|
| Dewey Decimal Classification | Good Samaritan School Library | Good Samaritan School Library | 07/04/2016 | 1 | 370 | JOS2264 | 05/10/2019 | 05/02/2019 | 07/04/2016 | BOOK |